Women and development in Africa / (Record no. 3508)

MARC details
000 -LEADER
fixed length control field 00752nam a22002295a 4500
001 - CONTROL NUMBER
control field 15497
003 - CONTROL NUMBER IDENTIFIER
control field OSt
005 - DATE AND TIME OF LATEST TRANSACTION
control field 20230703162540.0
008 - FIXED-LENGTH DATA ELEMENTS--GENERAL INFORMATION
fixed length control field 851121|1985 ||| 000 0 eng
010 ## - LIBRARY OF CONGRESS CONTROL NUMBER
LC control number 85980815
020 ## - INTERNATIONAL STANDARD BOOK NUMBER
Terms of availability SHl20.00.
040 ## - CATALOGING SOURCE
Original cataloging agency DLC
Transcribing agency DLC
Modifying agency DLC
050 00 - LIBRARY OF CONGRESS CALL NUMBER
Classification number IN PROCESS
082 ## - DEWEY DECIMAL CLASSIFICATION NUMBER
Classification number 338.97
Item number WER
245 10 - TITLE STATEMENT
Title Women and development in Africa /
Statement of responsibility, etc. edited by Gigeon S. Were.
260 ## - PUBLICATION, DISTRIBUTION, ETC. (IMPRINT)
Place of publication, distribution, etc. Nairobi, Kenya :
Name of publisher, distributor, etc. Gideon S. Were Press,
Date of publication, distribution, etc. 1985.
300 ## - PHYSICAL DESCRIPTION
Extent ii, 315 p. : ill., ports. ; 26 cm.
440 #0 - SERIES STATEMENT/ADDED ENTRY--TITLE
Title Journal of Eastern African research and development, ISSN 0251-0405 ; vol. 15 (1985)
906 ## - LOCAL DATA ELEMENT F, LDF (RLIN)
a 7
b ibc
c orignew
d 3
e ncip
f 19
g y-gencatlg
942 ## - ADDED ENTRY ELEMENTS (KOHA)
Source of classification or shelving scheme Dewey Decimal Classification
Koha item type Books
Holdings
Withdrawn status Lost status Source of classification or shelving scheme Damaged status Not for loan Home library Current library Date acquired Total Checkouts Full call number Barcode Date last seen Price effective from Koha item type
    Dewey Decimal Classification     County Hall Archives County Hall Archives 07/03/2023   338.97 WER 10000386 07/03/2023 07/03/2023 Books
    Dewey Decimal Classification     County Hall Archives County Hall Archives 07/03/2023   338.97 WER 10000388 07/03/2023 07/03/2023 Books
LIBRARY OPENING HOURS

When the Parliament is sitting: 8.00a.m - 7.00p.m or until the house adjourns
Mondays and Fridays and when the House is on Recess:  8.00a.m - 5.00p.m
Closed on Weekends and Public Holidays

Online Public Access Catalog (OPAC)
Website: http://www.parliament.go.ke
Bunge Library: https://libraryir.parliament.go.ke
Contact: library@parliament.go.ke | Tel no: (254-2)2221291 or 2848000 Ext 5043